O jakie miasto na świecie chodzi? - Statystyki

Ogólne statystyki
  • Ten quiz został rozwiązany 29 razy
  • Średni wynik to 5 z 15
Statystyki odpowiedzi
Hint Odpowiedź % Poprawnych
To europejskie miasto jest jedną z najmniej odwiedzanych stolic Europy wśród turystów zachodnich; zostało zasiedlone przez wczesnych Słowian Wschodnich już w IX wieku; miasto zostało stolicą w 1991 roku. Mińsk
87%
Jest to drugie co do wielkości miasto w swoim kraju; znane jako „Perła Morza Śródziemnego"; założone przez Aleksandra Wielkiego w 331 r. p.n.e; niegdyś jedno z najbogatszych miast na świecie. Aleksandria
52%
Portugalczycy byli pierwszymi europejskimi odkrywcami, ale Francuzi byli pierwszymi osadnikami tego miasta, ma przydomek 'cudowne miasto’, znajduje się tam największy las miejski na świecie, Według Księgi Rekordów Guinnessa, w 2004 roku najsłynniejsza impreza w mieście przyciągnęła rekordową liczbę 400 tysięcy zagranicznych gości, stając się największą imprezą karnawałową na świecie. Rio de Janeiro
52%
Miasto często błędnie brane za stolicę swojego kraju; obszar miał być początkowo nazywany „New Albion”; posiada najgłębszy naturalny port na świecie z 504,00 mega litrami wody; odbywały się tu Igrzyska Olimpijskie. Sydney
52%
Nowoczesna nazwa tego miasta została wybrana, ponieważ nie budzi żadnych negatywnych skojarzeń i brzmi harmonijnie we wszystkich językach świata; pod względem liczby ludności zajmuje drugie miejsce w Kazachstanie. Astana
39%
Miasto w Stanach Zjednoczonych, stolica i największe miasto stanu Indiana, leżące w hrabstwie Marion, nad rzeką White; jego przydomek to The Circle City. Indianapolis
30%
Afrykańskie miasto (stolica) znajduje się na wysokości 2355 m n.p.m.; zamieszkuje je 1,9 razy więcej osób niż Warszawę; znajduje się tu mieszanka religijna, spośród której na czoło wyłaniają się muzułmanie i kilka odłamów chrześcijaństwa; jest tu największe w kraju targowiska Merkato; Addis Abeba
26%
Miasto jest również jednym z najstarszych zamieszkanych obszarów na świecie; jest drugim co do wielkości miastem pod względem liczby ludności w swoim kraju; słynnym obiektem jest Zakazane Miasto, które jest największym pałacem na świecie. Pekin
26%
Miasto odwiedza rocznie ponad 40 milionów turystów, a łączne wydatki turystów podczas wizyt wynoszą 7,2 miliarda dolarów; jest piątym co do wielkości miastem w Ameryce Północnej; zajmuje drugie miejsce na świecie jako najbardziej konkurencyjne miasto na świecie pod względem biznesowym. Toronto
26%
Miasto jest 3,1 razy mniejszy od Warszawy powierzchnia i zamieszkuje 7,6 razy mniej osób niż Warszawę; nie ma polskiej placówki dyplomatycznej (najbliższa znajduje się RPA); ośrodek administracyjny Dystryktu South East; burmistrzem tej afrykańskiej stolicy jest Austin Abraham. Gaborone
22%
Jest piątym co do wielkości miastem Ameryki Łacińskiej; jest zbudowane na pustyni; leży nad rzeką Rímac; zostało założone 18 stycznia 1535 roku przez hiszpańskiego konkwistadora Francisco Pizarro. Lima
22%
Miasto powstało w XIX wieku, a dokładnie 4 października 1886 roku z powodu gorączki złota; jest drugim co do wielkości miastem Afryki; posiada najwyższy budynek w Afryce; posiada około 150 obiektów dziedzictwa kulturowego, z czego połowa to zabytki narodowe. Johannesburg
17%
W języku lokalnym jego nazwa oznacza „duże wzgórze” lub „duże zbocze”; posiada oceanarium, które jest drugim co do wielkości oceanarium na świecie; jest stolicą prefektury o tej samej nazwie; było kiedyś stolicą; mieszka tutaj 2,5 miliona ludzi w obszarze metropolitalnym. Osaka
13%
W 1927 roku miasto było krótko stolicą Chin; jest znane jako „dziewięć prowincji” prowadzących magistralę komunikacyjną; jest siedzibą największego chińskiego portu śródlądowego i bramą do jego gigantycznej zapory wodnej. Wuhan
9%
Znajdziemy tutaj 16 lokalnych uniwersytetów; zostało zbudowane w latach 60-tych XX wieku w celu przejęcia roli dawnej stolicy kraju; znajduje się tutaj meczet Faisal, czwarty co do wielkości meczet na świecie i największy tego typu budynek religijny w Azji Południowej. Islamabad
4%
Nie znaleziono quizów pasujących do podanych kryteriów
Rozkład punktacji
Procent ludzi z każdym wynikiem
Percentyl według liczby udzielonych odpowiedzi
Twoja historia wyników
Nie rozwiązałeś tego quizu